000
00310nam a22001217a 4500
008
160504b xxu||||| |||| 00| 0 eng d
020
_a
9780838513743
020
_a
0838513743
041
_a
eng
080
_a
618.2
245
_a
Critical thinking in nursing:
_c
Elsie L.Bandmon; Bertram Bandman;
942
_2
udc
_c
BK
999
_c
1795
_d
1795